01031 2200205 4500001002100000005001500021008004100036035002000077082000800097084001400105100002100119245009400140250000600234260003800240300001200278520050100290650001000791990001200801990001200813INLIS00000000000084920240607082653240607 1 ind  a0010-0524000084 a813 a813 PAR c aElvigro, Paresma1 aCandy Rendy ( Ada Saat Dimana Kita Tak Cukup Kuat Memutuskan Sesuatu ) /cParesma Elvigro a1 aYogyakarta :bSheila/ Andi,c2015 a302 hlm a Sebenarnya kamu itu menyukai aku atau orang yang ada di kertas ini? Pria berkemeja merah maroon dengan motif kotak-kotak itu mengayun-ayunkan kertas lusuh yang dipungutnya dari tempat sampah khusus kertas depan ruang Konseling 1 tadi. Setelah itu, dia berbalik membelakangi gadis itu, mengunci pintu ruang bertuliskan UPT BK (Bimbingan Konseling), lalu memasukkan kunci itu ke dalam saku kemejanya. Dua puluh detik setelahnya, pria itu menoleh pada satu-satunya gadis yang dibelakanginya tadi. 4aFiksi a0741298 a0741299